Países de ICE (Registro nro. 25398)
[ vista simple ]
| 000 -CABECERA | |
|---|---|
| Longitud fija campo de control | 01300nas a2200373 c 4500 |
| 001 - NÚMERO DE CONTROL | |
| Número de control | 25398 |
| 003 - IDENTIFICADOR DE NÚMERO DE CONTROL | |
| Identificador del número de control | ES-MaCES |
| 005 - FECHA Y HORA DE LA ÚLTIMA TRANSACCIÓN | |
| Fecha y hora de la última transacción | 20160415200836.0 |
| 008 - CAMPO FIJO DE DESCRIPCIÓN FIJA--INFORMACIÓN GENERAL | |
| Códigos de información de longitud fija | 940713d1994 sp | | |spa d |
| 022 1# - ISSN (INTERNATIONAL STANDARD SERIAL NUMBER) | |
| Número Internacional Normalizado para Publicaciones Seriadas | 1134-2145 |
| 035 ## - NÚMERO DE CONTROL DEL SISTEMA | |
| Número de control del sistema | CES19980003799p |
| Número de control cancelado;no válido | 10388 |
| 040 ## - FUENTE DE CATALOGACIÓN | |
| Centro catalogador de origen | ES-MaCES |
| Lengua de catalogación | spa |
| Centro transcriptor | ES-MaCES |
| 245 00 - MENCIÓN DE TÍTULO | |
| Título | Países de ICE |
| Resto del título | : información comercial española |
| Mención de responsabilidad, etc. | publicación del Ministerio de Comercio y Turismo |
| 260 ## - PUBLICACIÓN, DISTRIBUCIÓN, ETC (PIE DE IMPRENTA) | |
| Lugar de publicación, distribución, etc. | [Madrid] (Paseo de la Castellana, 162)] |
| Nombre del editor, distribuidor, etc. | [Ministerio de Comercio y Turismo] |
| 300 ## - DESCRIPCIÓN FÍSICA | |
| Extensión | v. |
| Dimensiones | 30 cm |
| 310 ## - PERIODICIDAD ACTUAL DE LA PUBLICACIÓN | |
| Periodicidad actual | Quince números al año |
| 500 ## - NOTA GENERAL | |
| Nota general | Descripción basada en: Uruguay |
| 500 ## - NOTA GENERAL | |
| Nota general | Separada de: Boletín económico ICE. Colección Países, ISSN 0213-3768 |
| 500 ## - NOTA GENERAL | |
| Nota general | Tít. tomado de la cub |
| 541 ## - NOTA DE LA FUENTE INMEDIANTE DE ADQUISICIÓN | |
| Forma de adquisición | Gratuito |
| 592 ## - CES. NOTA ESTADO DE LA PUBLICACIÓN | |
| Estado publicación | Cerrada |
| 650 #4 - ASIENTO SECUNDARIO DE MATERIA--TÉRMINO DE MATERIA | |
| Término de materia o nombre geográfico como elemento inicial | administración económica |
| 9 (RLIN) | 27206 |
| 650 #4 - ASIENTO SECUNDARIO DE MATERIA--TÉRMINO DE MATERIA | |
| Término de materia o nombre geográfico como elemento inicial | legislación |
| 9 (RLIN) | 27153 |
| 650 #4 - ASIENTO SECUNDARIO DE MATERIA--TÉRMINO DE MATERIA | |
| Término de materia o nombre geográfico como elemento inicial | política comercial |
| 9 (RLIN) | 27949 |
| 650 #4 - ASIENTO SECUNDARIO DE MATERIA--TÉRMINO DE MATERIA | |
| Término de materia o nombre geográfico como elemento inicial | relaciones comerciales |
| 9 (RLIN) | 27965 |
| 650 #4 - ASIENTO SECUNDARIO DE MATERIA--TÉRMINO DE MATERIA | |
| Término de materia o nombre geográfico como elemento inicial | comercio |
| 9 (RLIN) | 27943 |
| 653 10 - TÉRMINO DE INDEXACIÓN--NO CONTROLADO | |
| Término no controlado | Economía |
| 650 #4 - ASIENTO SECUNDARIO DE MATERIA--TÉRMINO DE MATERIA | |
| 9 (RLIN) | 29234 |
| Término de materia o nombre geográfico como elemento inicial | desarrollo económico y social |
| 710 1# - ENCABEZAMIENTO SECUNDARIO--NOMBRE CORPORATIVO | |
| Nombre de entidad o nombre de jurisdicción como elemento inicial | España |
| Unidad subordinada | Ministerio de Comercio y Turismo |
| 9 (RLIN) | 3230 |
| 866 #0 - FUENTES TEXTUALES--UNIDAD BIBLIOGRÁFICA BÁSICA | |
| Holdings textuales | 1994-1995 (1996). |
| Nota pública | Ubicación: DEPÓSITO - 10388 |
| 905 ## - CES. DATOS REVISTA | |
| Proceso | + |
| 942 ## - ELEMENTOS KOHA | |
| Fuente de clasificaión o esquema | Clasificación propia del CES |
| Koha [por defecto] tipo de item | Periódicas |
| Parte de clasificación | 0.0. |
| Número de registro | Signatura completa | Tipo de item de Koha |
|---|---|---|
| 003490 | 10388 | Periódicas |
| 004016 | 10388 | Periódicas |
| 004598 | 10388 | Periódicas |
| 005663 | 10388 | Periódicas |
| 005664 | 10388 | Periódicas |
| 006603 | 10388 | Periódicas |
| 006607 | 10388 | Periódicas |
| 007247 | 10388 | Periódicas |
| 007548 | 10388 | Periódicas |
| 007692 | 10388 | Periódicas |
| 007931 | 10388 | Periódicas |
| 008462 | 10388 | Periódicas |
| 009035 | 10388 | Periódicas |
| 009325 | 10388 | Periódicas |
| 009597 | 10388 | Periódicas |
| 010017 | 10388 | Periódicas |
| 010220 | 10388 | Periódicas |
| 010570 | 10388 | Periódicas |
| 011280 | 10388 | Periódicas |
| 011281 | 10388 | Periódicas |
| 011880 | 10388 | Periódicas |
| 012182 | 10388 | Periódicas |
| 012339 | 10388 | Periódicas |
| 012835 | 10388 | Periódicas |
| 013036 | 10388 | Periódicas |
| 013190 | 10388 | Periódicas |
| 013286 | 10388 | Periódicas |
| 013684 | 10388 | Periódicas |
| 014203 | 10388 | Periódicas |
| 014525 | 10388 | Periódicas |
| 014720 | 10388 | Periódicas |
| 015343 | 10388 | Periódicas |
| 015902 | 10388 | Periódicas |
| 015903 | 10388 | Periódicas |
| 016238 | 10388 | Periódicas |
| 016856 | 10388 | Periódicas |
| 017084 | 10388 | Periódicas |
| 017410 | 10388 | Periódicas |
| 018739 | 10388 | Periódicas |
